000
00403nam a2200145Ia 4500
008
090124s9999 xx 000 0 und d
082
_b
201382
245
_a
वायबार
250
_a
1
260
_b
भावे पु. भा. (पुरुषोत्तम भास्कर)
_c
1961
300
_a
130
630
_a
वायबार
730
_a
वायबार
942
_c
BOOK
999
_c
182963
_d
182963